Statistics for World Rally Championship History

Click here to take the quiz!

General Stats

  • This quiz has been taken 69 times
  • The average score is 57 of 111

Answer Stats

YearsAnswer% Correct
1979, 2006 - 2007Ford
90%
2017M-Sport World Rally Team
90%
1993 - 1994, 1999Toyota
88%
2018, 2021 - 2022Toyota Gazoo Racing WRT
88%
2003 - 2005, 2008 - 2012Citroën
80%
2019 - 2020Hyundai Shell Mobis WRT
78%
1985 - 1986, 2000 - 2002Peugeot
78%
2013 - 2016Volkswagen
78%
1998Mitsubishi
76%
1995 - 1997Subaru
76%
1982, 1984Audi
74%
1977 - 2012 (except '78, '81, '96, '09, '11), 2020, 2022Rally New Zealand
74%
1974-1976 , 1983, 1987 - 1992Lancia
72%
1995Colin McRae
70%
2004 - 2012Sébastien Loeb
70%
2013 - 2018, 2020 - 2021Sébastien Ogier
70%
2022Kalle Rovanperä
68%
1973, 1974Press-on-Regardless Rally
66%
1973 - 2023 (except '95)Rally Finland
64%
1973 - 2023 (except '74, '90, '09, '21)Rally Sweden
64%
1973 - 2008, 2015 - 2023Tour de Corse
64%
2022Toyota Yaris Rally1
64%
2018 - 2021Toyota Yaris WRC
64%
1973Alpine-Renault
62%
2019Ott Tänak
62%
1973, 1975 - 2008, 2012 - 2023Rallye Automobile de Monte-Carlo
62%
2001Richard Burns
62%
1977 - 1978, 1980Fiat
60%
2002 - 2020Rallye Deutschland
60%
1973 - 2019Rally GB
60%
2004 - 2010, 2023Rally Japan
60%
1973, 1975 - 2002, 2021 - 2023Safari Rally
60%
1996 - 1999Tommi Mäkinen
60%
1982 - 1983Audi Quattro
58%
1990, 1992Carlos Sainz
58%
2017 - 2018Ford Fiesta WRC
58%
2003Petter Solberg
58%
1989 - 2018 (except '07, '08, '10, '12)Rally Australia
58%
1973 - 2001, 2007 - 2023Rallye de Portugal
58%
2006Ford Focus RS WRC 06
56%
2007Ford Focus RS WRC 07
56%
1996Mitsubishi Lancer Evo III
56%
1997Mitsubishi Lancer Evo IV
56%
1998Mitsubishi Lancer Evo V
56%
1999Mitsubishi Lancer Evo VI
56%
1980 - 2019 (except '95, '10)Rally Argentina
56%
2010 - 2014Rallye de France Alsace
56%
2004 - 2023 (except '09, '21, '22)Rally Mexico
56%
2013 - 2016Volkswagen Polo R WRC
56%
2007 - 2010Citroën C4
54%
1986 - 1987, 1991, 1993Juha Kankkunen
54%
1987 - 1992Lancia Delta HF Integrale
54%
2000, 2002Marcus Grönholm
54%
2000 - 2002Peugeot 206 WRC
54%
2019, 2023 (planned)Rally Chile
54%
1978, 1992 - 2022 (except '94, '20)Rallye de España
54%
1995Subaru Impreza 555
54%
2001Subaru Impreza WRC 2001
54%
2003Subaru Impreza WRC 2003
54%
1997Subaru Impreza WRC 97
54%
1978Tour de France Automobile
54%
2003 - 2005Citroën Xsara WRC
52%
2019 - 2020Hyundai i20 Coupe WRC
52%
1985 - 1986Peugeot 205 Turbo 16
52%
1973, 2009, 2014 - 2017Rajd Polski
52%
1990Toyota Celica GT-Four ST165
52%
1992Toyota Celica GT-Four ST185
52%
1993 - 1994Toyota Celica Turbo 4WD
52%
1973 - 2013, (except '74, '95), 2021 - 2023Acropolis Rally
50%
2007, 2009Rally Norway
50%
1980, 1982Walter Röhrl
50%
1999Toyota Corolla WRC
48%
1981Ari Vatanen
46%
1999China Rally
46%
2011 - 2012Citroën DS3 WRC
46%
2021 - 2023Croatia Rally
46%
1979, 1981Ford Escort RS1800
46%
1974 - 1976Lancia Stratos HF
46%
2021 - 2022Ypres Rally Belgium
46%
1983Lancia 037
44%
1981 - 1982Rally do Brasil
42%
2020 - 2023Rally Estonia
42%
1977 - 1979Critérium du Québec
40%
1994Didier Auriol
40%
1973Österreichische Alpenfahrt
40%
2007, 2009Rally Ireland
40%
1984Stig Blomqvist
38%
1973Alpine-Renault A110
36%
2023 (planned)Central European Rally
36%
1973 - 2003 (except '95)Rallye Sanremo
36%
1985Timo Salonen
36%
1977 - 1978, 1980Fiat 131 Abarth
34%
2004 - 2023 (except '10)Rally Italia Sardegna
34%
2003 - 2006, 2008, 2010, 2018 - 2020Rally of Turkey
32%
1988 - 1989Miki Biasion
30%
2010Rally Bulgaria
30%
1996 - 1997Rally of Indonesia
28%
1981Talbot
28%
1981Talbot Sunbeam Lotus
28%
1979Björn Waldegård
26%
1983Hannu Mikkola
26%
1973, 1975, 1976Rallye du Maroc
26%
2000 - 2006, 2009Cyprus Rally
24%
2020, 2021ACI Rally Monza
22%
1982Opel Ascona 400
22%
1978Scottish Rally
22%
2008, 2010, 2011Jordan Rally
16%
1978 - 1981Rallye Côte d'Ivoire
16%
1978Arctic Rally
14%
1986 - 1988Olympus Rally
12%
1974Rally of the Rideau Lakes
6%

Score Distribution

Percentile by Number Answered

Percent of People with Each Score

Your Score History

You have not taken this quiz